000 00249nam a22001097a 4500
999 _c167495
_d167495
082 _a
_b
100 _aAntony
245 _aAachalik upanyaz akatha ko khog/
_cby Antony.
260 _aMathura:
_bJawahar Pustakalaya,
_c
650 _a
942 _cBK